00535nam a2200181Ia 4500008004100000020001800041082001300059100002700072245003800099250000600137260003900143300001600182500002400198650001200222942000700234952009500241999001700336230524s9999 xx 000 0 und d a9789380578507 a4.6bMOH aI.Chandra Mohan942984 0aFundamentals of Computer Networks a1 aNew DelhibI.K.Internationalc2012 a"XXI,249p;" aQuantity Number: 1 aComp-Sc cBK 00104070aTATCLbTATCLcGENd2023-05-24l0o004.6 MOHp54225r2023-05-24w2023-05-24yBK c57934d57934